WWF Royal Rumble 1990 Entrants Quiz - Statistics

General Stats
  • This quiz has been taken 387 times
  • The average score is 22 of 30
Answer Stats
EN Answer EL % Correct
25 Hulk Hogan W
96%
5 "Macho Man" Randy Savage 4
91%
11 Andre The Giant 10
89%
8 Bret "The Hitman" Hart 9
89%
21 The Ultimate Warrior 25
87%
1 "The Million Dollar Man" Ted Dibiase 18
85%
30 Mr. Perfect 29
84%
4 Jake Roberts 3
83%
26 Shawn Michaels 23
82%
13 Ax 13
80%
15 Smash 16
78%
20 Jim "The Anvil" Neidhart 17
77%
6 "Rowdy" Roddy Piper 7
77%
19 Canadian Earthquake 14
73%
28 "Ravishing" Rick Rude 28
73%
23 Tito Santana 21
73%
3 Marty Jannetty 2
72%
7 The Warlord 5
70%
22 Rick Martel 24
68%
27 The Barbarian 26
66%
18 Dino Bravo 15
65%
29 Hercules 27
65%
14 Haku 20
63%
2 Koko B. Ware 1
63%
10 Dusty Rhodes 12
62%
17 "Superfly" Jimmy Snuka 19
62%
24 The Honky Tonk Man 22
61%
16 Akeem 11
59%
9 Bad News Brown 6
53%
12 The Red Rooster 8
45%
No matching quizzes found
Score Distribution
Percent of People with Each Score
Percentile by Number Answered
Your Score History
You have not taken this quiz